Planning inquiries into major infrastructure projects (Record no. 105325)
[ view plain ]
| 000 -LEADER | |
|---|---|
| fixed length control field | 01343cam a2200217 4500 |
| 001 - CONTROL NUMBER | |
| control field | ##L133089 |
| 008 - FIXED-LENGTH DATA ELEMENTS--GENERAL INFORMATION | |
| fixed length control field | 060410n2006 000 0 eng u |
| 020 ## - INTERNATIONAL STANDARD BOOK NUMBER | |
| International Standard Book Number | 0117539627 |
| -- | 9780117539624 |
| 035 ## - SYSTEM CONTROL NUMBER | |
| System control number | (Sirsi) u133089 |
| 041 0# - LANGUAGE CODE | |
| Language code of text/sound track or separate title | eng |
| 050 04 - LIBRARY OF CONGRESS CALL NUMBER | |
| Classification number | 711.1 $2 18 |
| 110 1# - MAIN ENTRY--CORPORATE NAME | |
| Corporate name or jurisdiction name as entry element | United Kingdom |
| Subordinate unit | Office of the Deputy Prime Minister |
| 245 00 - TITLE STATEMENT | |
| Title | Planning inquiries into major infrastructure projects |
| Remainder of title | economic impact reports $[ electronic resource] |
| 260 ## - PUBLICATION, DISTRIBUTION, ETC. | |
| Place of publication, distribution, etc. | London |
| Name of publisher, distributor, etc. | ODPM |
| Date of publication, distribution, etc. | 2006 |
| 520 ## - SUMMARY, ETC. | |
| Summary, etc. | ODPM Circular 04/2006 provides guidance on preparing economic impact reports for planning applications that are designated as major infrastructure projects. Enables local planning authorities and government offices to advise applicants who may have to prepare an economic impact report (EIR) as a result of a planning application being designated a major infrastructure project (MIP) by the SoS. Covers the purpose of an EIR, how to recognize a MIP, the contents of an EIR and the overlap with other requirements and guidance. |
| 590 ## - LOCAL NOTE (RLIN) | |
| Local note | IKA110406 |
| 650 24 - SUBJECT ADDED ENTRY--TOPICAL TERM | |
| Topical term or geographic name entry element | ODPM CIRCULAR 04/2006 |
| 690 ## - LOCAL SUBJECT ADDED ENTRY--TOPICAL TERM (OCLC, RLIN) | |
| Topical term or geographic name as entry element | ENVIRONMENTAL AND LAND CONSULTANCY-PLANNING AND DEVELOPMENT-DEVELOPMENT CONTROL-PLANNING APPLICATIONS |
| 856 40 - ELECTRONIC LOCATION AND ACCESS | |
| Uniform Resource Identifier | <a href="https://www.communities.gov.uk/index.asp?id=1164612">https://www.communities.gov.uk/index.asp?id=1164612</a> |
| Public note | View the Circular free of charge at www.odpm.gov.uk... |
| 942 ## - ADDED ENTRY ELEMENTS (KOHA) | |
| Suppress in OPAC | 0 |
| Withdrawn status | Lost status | Source of classification or shelving scheme | Damaged status | Not for loan | Home library | Current library | Shelving location | Date acquired | Total Checkouts | Full call number | Barcode | Date last seen | Copy number | Price effective from | Koha item type |
|---|---|---|---|---|---|---|---|---|---|---|---|---|---|---|---|
| Dewey Decimal Classification | Virtual | Virtual | Online | 10/04/2006 | ONLINE PUBLICATION | 133089-2001 | 06/08/2019 | 1 | 06/08/2019 | Book |